Entry Nombre personal
001 - NÚMERO DE CONTROL
- campo de control: 65312
003 - IDENTIFICADOR DE NÚMERO DE CONTROL
- campo de control: SpMaBN
005 - FECHA Y HORA DE LA ÚLTIMA TRANSACCIÓN
- campo de control: 20231227195058.0
008 - ELEMENTOS DE DATO DE LONGITUD-FIJA
- campo de control de longitud fija: 920921nn aijnnaabn a aaa
016 ## - NÚMERO DE CONTROL DE UNA AGENCIA BIBLIOGRÁFICA NACIONAL
- Número de control del registro: BNE19932142717
024 7# - IDENTIFICADOR DE OTROS ESTÁNDARES
- Número estándar o código: http://viaf.org/viaf/62885761/
- Fuente: viaf
024 7# - IDENTIFICADOR DE OTROS ESTÁNDARES
- Número estándar o código: https://isni.org/isni/0000000059558931
- Fuente: isni
024 7# - IDENTIFICADOR DE OTROS ESTÁNDARES
- Número estándar o código: http://www.wikidata.org/entity/Q29571622
- Fuente: wikidata
040 ## - FUENTE DE CATALOGACIÓN
- Centro catalogador/agencia de origen: SpMaBN
- Lengua de catalogación: spa
- Centro/agencia transcriptor: SpMaBN
- Normas de descripción: rdc
- Convención/Normas de encabezamiento de materia/tesauro: embne
100 1# - ENCABEZAMIENTO-NOMBRE DE PERSONA
- Nombre de persona: Iniesta Coullaut-Valera, Enrique,
- Fechas asociadas al nombre: 1930-2010
370 ## - LUGAR ASOCIADO
- Lugar de nacimiento: Madrid, España
- Fuente de información: (Wikidata)
- Número de control del registro de autoridad o número normalizado: XX450543
375 ## - GÉNERO/SEXO
- Género: Masculino
400 1# - TRAZADO DE VÉASE--NOMBRE DE PERSONA
- Nombre de persona: Iniesta, Enrique,
- Fechas asociadas al nombre: 1930-2010
400 1# - TRAZADO DE VÉASE--NOMBRE DE PERSONA
- Nombre de persona: Iniesta Coullaut-V., Enrique,
- Fechas asociadas al nombre: 1930-2010
670 ## - FUENTE DE DATOS ENCONTRADOS
- Cita de la fuente: El colegio junto al río, 1994
- Información encontrada: port. (Enrique Iniesta Collaut-Valera, Sch. P.)
670 ## - FUENTE DE DATOS ENCONTRADOS
- Cita de la fuente: España o las Españas, 1998
- Información encontrada: port. (Enrique Iniesta) p. 173 (Iniesta Collaut-Valera, Enrique)
670 ## - FUENTE DE DATOS ENCONTRADOS
- Cita de la fuente: Zapatos con alas, 1959
- Información encontrada: port. (Enrique Iniesta Coullaut-V., Escolapio)
